00462 a2200157 4500010001400000020002300014035001300037037001500050082001200065100002000077245004000097260004900137270007000186300002900256500001900285 aENG-88247 a8131301710c695.00 aEN-71780 bDBAD / PUB14a181.4321 aDevanand, G. K.1 aTeaching of yoga/cby G.K. Devanand aNew DelhibAPH Publishing Corporatioonc2007 a5, Ansari Road, Darya GanjbNew Delhic110 002maphbooks@vsnl.net aviii, 293 p.c21cm (Hb) aincludes index